A textbook on practical geometry or geometrical drawing / (Record no. 2817)

MARC details
000 -LEADER
fixed length control field 00481nam a2200181Ia 4500
001 - CONTROL NUMBER
control field 1961
003 - CONTROL NUMBER IDENTIFIER
control field IN-NITTTR
005 - DATE AND TIME OF LATEST TRANSACTION
control field 20251114232923.0
008 - FIXED-LENGTH DATA ELEMENTS--GENERAL INFORMATION
fixed length control field 251113s9999||||xx |||||||||||||| ||eng||
040 ## - CATALOGING SOURCE
Language of cataloging eng
040 ## - CATALOGING SOURCE
Transcribing agency IN-NITTTR
041 ## - LANGUAGE CODE
Language code of text/sound track or separate title eng
082 ## - DEWEY DECIMAL CLASSIFICATION NUMBER
Classification number 604.2 L149T
100 ## - MAIN ENTRY--PERSONAL NAME
Personal name Lakshminarayanan, V.
245 #2 - TITLE STATEMENT
Title A textbook on practical geometry or geometrical drawing /
Statement of responsibility, etc. Lakshminarayanan, V., Vaishwanar, R. S.
700 ## - ADDED ENTRY--PERSONAL NAME
Personal name Vaishwanar, R. S.
942 ## - ADDED ENTRY ELEMENTS (KOHA)
Source of classification or shelving scheme Dewey Decimal Classification
Koha item type Books
Holdings
Withdrawn status Lost status Source of classification or shelving scheme Damaged status Not for loan Home library Current library Date acquired Total checkouts Full call number Barcode Date last seen Price effective from Koha item type
    Dewey Decimal Classification     National Institute of Technical Teachers Training & Research National Institute of Technical Teachers Training & Research 11/14/2025   604.2 L149T 001744 11/14/2025 11/14/2025 Books